000 00650nam a2200241Ia 4500
003 OSt
005 20220918202539.0
006 a|||||r|||| 00| 0
007 ta
008 220917b |||||||| |||| 00| 0 eng d
024 _a102,035
037 _cTextual
040 _aARTS
_cARTS
_beng
041 _2eng
_aeng
082 _aV222:1:M1, K0
100 _aPannikkar Kavalam Madhava
_9104278
245 0 _aHistory of Kerala
_b 1498-1801
260 _c1960
490 _aAnnamalai university historical series; 15
650 _aHISTORY
942 _hV222:1:M1, K0
_cTEXL
_2CC
999 _c225495
_d225495